Animal Crossing Villager Catchphrases - Statistics

General Stats
  • This quiz has been taken 10 times
  • The average score is 46 of 488
Answer Stats
Hint Answer % Correct
Ace | Rod ace
43%
Skye airmail
43%
Flo cha
43%
Bluebear peach
43%
Goldie woof
43%
Bones yip yip
43%
Dozer zzzzzz
43%
Mint ahhhhhh
29%
Cookie arfer
29%
Aurora b-b-baby
29%
Marina blurp
29%
Sylvia boing
29%
Bow bow
29%
Daisy bow-WOW
29%
Kitt child
29%
Broccolo eat it
29%
Antonio honk
29%
Nan kid
29%
Kiki kitty cat
29%
Meow meow
29%
Moe myawn
29%
Astrid my pet
29%
Epona neigh
29%
Muffy nightshade
29%
Penelope oh bow
29%
Ozzie ol' bear
29%
Pate quackle
29%
Agent S sidekick
29%
Whitney snappy
29%
Hamphrey | Sue E snort
29%
Stitches stuffin'
29%
Octavian sucker
29%
Cleo sugar
29%
Candi | Violet sweetie
29%
Camofrog ten-hut
29%
Hazel uni-wow
29%
Walker wuh
29%
Cyrano ah-CHOO
14%
Lobo ah-rooooo
14%
Chow aiya
14%
Kyle alpha
14%
Croque as if
14%
Cashmere baaaby
14%
Vesta baaaffo
14%
Shep baaa man
14%
Boone baboom
14%
Roald b-b-buddy
14%
Huggy bear
14%
Bea bingo
14%
Ketchup bitty
14%
Bertha | Zucker bloop
14%
Willow bo peep
14%
Drift brah
14%
Friga brrrmph
14%
Puck brrrrrrrrr
14%
Filbert bucko
14%
Goose buh-kay
14%
Hank buhk buhk
14%
Tiffany bunbun
14%
Snake bunyip
14%
Bessie buttercup
14%
Jitters bzzert
14%
Fang cha-chomp
14%
Chico cheeeese
14%
Twiggy cheepers
14%
Bree cheeseball
14%
Queenie chicken
14%
Becky chicklet
14%
Plucky chicky-poo
14%
Jane chimp
14%
Tammi chimpy
14%
Twirp CHIRP
14%
Champ choo CHOO
14%
Anchovy chuuurp
14%
Rhoda clucky
14%
Rex cool cat
14%
Mira cottontail
14%
Raymond crisp
14%
Jambette croak-kay
14%
Leigh cutie
14%
Amelia cuz
14%
Biskit dawg
14%
Cube d-d-dude
14%
Egbert doodle-duh
14%
Coco doyoing
14%
Maelle duckling
14%
Freckles ducky
14%
Cole duuude
14%
Bettina eekers
14%
Bella eeks
14%
Celia feathers
14%
Leonardo flexin'
14%
Frobert fribbit
14%
Stinky GAAHHH
14%
Fuchsia girlfriend
14%
Ione gleam
14%
Bianca glimmer
14%
Julian glitter
14%
Holden glue stick
14%
Alli graaagh
14%
Kody grah grah
14%
Teddy grooof
14%
Grizzly grrr
14%
Rolf grrrolf
14%
Alice guvnor
14%
Papi haaay
14%
Filly hah
14%
Hamlet hammie
14%
Jay heeeeeyy
14%
Clara hee-hee
14%
Rilla hello
14%
Gwen h-h-h-hon
14%
Cesar highness
14%
Rocco hippie
14%
Bubbles hipster
14%
Maple honey
14%
Gabi honeybun
14%
Pietro honk honk
14%
Claude hopalong
14%
Sasha hoppity
14%
Cobb hot dog
14%
Patty how now
14%
Caroline hulaaaa
14%
Boomer human
14%
Graham indeed
14%
Dom indeedaroo
14%
Otis I s'pose
14%
Alfonso it'sa me
14%
Pashmina kidders
14%
Purrl kitten
14%
Static krzzt
14%
Chevre la baa
14%
Murphy laddie
14%
Robin la-di-da
14%
Poncho li'l bear
14%
Peewee li'l dude
14%
Ruby li'l ears
14%
Pippy li'l hare
14%
Bud maaan
14%
Angus macmoo
14%
Rowan mango
14%
Gonzo mate
14%
Kabuki meooo-OH
14%
Azalea merci
14%
Mitzi mew
14%
Tabby me-WOW
14%
Tom me-YOWZA
14%
Felicity mimimi
14%
Deli monch
14%
Gaston mon chou
14%
Stu moo-dude
14%
Petunia moo la la
14%
Punchy mrmpht
14%
Kitty mrowrr
14%
Roscoe nay
14%
Jeremiah nee-deep
14%
Peaches neighbor
14%
Nibbles niblet
14%
Tasha nice nice
14%
Carmen (Rabbit) nougat
14%
Blaire nutlet
14%
Sally nutmeg
14%
Poppy nutty
14%
Vladimir nyet
14%
Louie | Yodel odelay
14%
Shino okaaay
14%
Doc old bunny
14%
Cousteau oui oui
14%
Iggy paaally
14%
Apollo pah
14%
Paolo pal
14%
Buck pardner
14%
Vivian piffle
14%
Flora pinky
14%
Samson pipsqueak
14%
Walt pockets
14%
Nana po po
14%
Marcie pouches
14%
Flurry powderpuff
14%
Zell pronk
14%
Bob pthhpth
14%
Pudge pudgy
14%
Elise puh-lease
14%
Rooney punches
14%
Olivia purrr
14%
Tipper pushy
14%
Gloria quacker
14%
Molly quackidee
14%
Bill | Drake quacko
14%
Mallary quackpth
14%
Pompom rah rah
14%
June rainbow
14%
Tangy reeeeOWR
14%
Flip rerack
14%
Cyd rockin'
14%
Butch ROOOOOWF
14%
Portia ruffian
14%
W. Link ruff ruff
14%
Beau saltlick
14%
Hornsby schnozzle
14%
Rosie silly
14%
Quetzal SKREEE
14%
Avery skree-haw
14%
Peanut slacker
14%
Wolfgang snarrrl
14%
Snooty sniffff
14%
Lucy snoooink
14%
Pango snooooof
14%
Opal snoot
14%
Henry snoozit
14%
Spork snork
14%
Gala snortie
14%
Hugh snortle
14%
Annabelle snorty
14%
Agnes snuffle
14%
Wade so it goes
14%
Pancetti sooey
14%
Roswell spaaace
14%
Chrissy sparkles
14%
Inkwell splat
14%
Puddles splish
14%
Emerald sproing
14%
Flossie squeaker
14%
Dora squeaky
14%
Rizzo squee
14%
Limberg squinky
14%
Gladys stretch
14%
Victoria sugar cube
14%
Cranston sweatband
14%
Tia teacup
14%
Bunnie | Patricia tee-hee
14%
Lily toady
14%
Melba toasty
14%
Eloise tooooot
14%
Margie tootie
14%
Cheri tralala
14%
Yuka tsk tsk
14%
Freya uff da
14%
Benedict uh-hoo
14%
Aisle | Boyd uh-oh
14%
Charlise urgh
14%
Big Top villain
14%
Rocket vroom
14%
Pinky wah
14%
Mathilda wee baby
14%
Kevin weeweewee
14%
Deirdre whatevs
14%
Cherry what what
14%
Cally WHEE
14%
Axel WHONK
14%
Keaton wingo
14%
Dizzy woo-oo
14%
Deena woowoo
14%
Mac woo woof
14%
Kidd wut
14%
Lulu (Hippo) yaaaawl
14%
Savannah y'all
14%
Eugene yeah buddy
14%
Hambo yo
14%
Scoot zip zoom
14%
Jacques zut alors
14%
Ribbot zzrbbitt
14%
Simon zzzook
14%
Raddle aaach-
0%
Koharu a little
0%
Faith aloha
0%
Benjamin alrighty
0%
O'Hare amigo
0%
Pigleg arrrn
0%
Admiral aye aye
0%
Reneigh ayup yup
0%
Stella baa-dabing
0%
Flash babe
0%
Lopez badoom
0%
Sherb bawwww
0%
Harry beach bum
0%
Ava beaker
0%
Rollo beaulch
0%
Rhonda bigfoot
0%
Woolio biz-aaa
0%
Chabwick blargh
0%
Joey bleeeeeck
0%
Gruff bleh eh eh
0%
Velma blih
0%
Lolly bonbon
0%
Bam boosh
0%
Pekoe bud
0%
Sven buh-uh-ud
0%
Oxford bully, eh
0%
Carmen (Mouse) bumpkin
0%
Drago burrrn
0%
Prince burrup
0%
Lucha cacaw
0%
Mott cagey
0%
Anicotti cannoli
0%
Rory capital
0%
Buzz captain
0%
Sheldon cardio
0%
Rodeo chaps
0%
Colton check it
0%
Apple cheekers
0%
Shari cheeky
0%
Piper chickadee
0%
Pecan chipmunk
0%
Lyman chips
0%
Erik chow down
0%
Clyde clip clawp
0%
Broffina cluckadoo
0%
Betty | Knox cluckling
0%
Hector coo-HAH
0%
Peck crunch
0%
Frank crushy
0%
Barold cubby
0%
Vic cud
0%
Belle cuddles
0%
Baabara daahling
0%
Billy dagnaabit
0%
Julia dahling
0%
Kit da kyo
0%
Fauna dearie
0%
Sunny decho
0%
Bonbon deelish
0%
Derwin derrrr
0%
Cephalobot donk donk
0%
Chai flap flap
0%
Audie foxtrot
0%
Sprinkle frappe
0%
Chadder fromage
0%
Curt fuzzball
0%
Tucker fuzzers
0%
Etoile fuzzy
0%
Marlo gabeesh
0%
Medli gimme
0%
Joe good grief
0%
Frett goshers
0%
Ed greenhorn
0%
Del gronk
0%
Liz groonch
0%
Ursala grooomph
0%
Hans groovy
0%
Bangle growf
0%
Wart Jr. grr-ribbit
0%
Tybalt grrrRAH
0%
Bruce gruff
0%
Groucho grumble
0%
Monty g'tang
0%
Fruity guava
0%
Annalisa gumdrop
0%
Chief harrumph
0%
Pierce hawkeye
0%
Winnie hay-OK
0%
Poko hehe
0%
Ganon heh heh
0%
Madam Rosa hohoho
0%
Norma hoof hoo
0%
Al hoo hoo ha
0%
Nosegay hoooonk
0%
Sly hoo-rah
0%
Huck hopper
0%
Sylvana hubbub
0%
Phil hurk
0%
Chuck jerky
0%
Francine karat
0%
Tank kerPOW
0%
Carrot kyaha
0%
Megumi kyun
0%
Eunice lambchop
0%
Wendy lambkins
0%
Rodney le ham
0%
Sparro like whoa
0%
Rio li'l chick
0%
Ellie li'l one
0%
Leopold lion cub
0%
Carrie little one
0%
Tiara lovey
0%
Ankha me meow
0%
Petri mmmhmm
0%
T-Bone moocher
0%
Naomi moolah
0%
Weldon mucho
0%
Boots munchie
0%
Rudy mush
0%
Merry mweee
0%
Bitty my dear
0%
Judy myohmy
0%
Hippeux natch
0%
Annalise nipper
0%
Ken no doubt
0%
Diana no doy
0%
Marcel non
0%
Canberra nuh uh
0%
Ricky nutcase
0%
Felyne nya
0%
Curly nyoink
0%
Lulu (Anteater) oh dear
0%
Frita oh ewe
0%
Dobie ohmmm
0%
Claudia ooh la la
0%
Nindori originality
0%
Genji otaku
0%
Monique pffffft
0%
Tex picante
0%
Timbra pine nut
0%
Marty pompom
0%
Chelsea pound cake
0%
Lionel precisely
0%
Quinn proper
0%
Kid Cat psst
0%
Spike punk
0%
Katt purrty
0%
Weber quaa
0%
Miranda quackulous
0%
Blanche quite so
0%
Aziz RAWR
0%
Jubei really
0%
Gigi ribbette
0%
Toby ribbit
0%
Quillson ridukulous
0%
Ike roadie
0%
Chester rookie
0%
Lucky rrr-owch
0%
Maggie schep
0%
Boris schnort
0%
Curlos shearly
0%
Shinabiru shina
0%
Merengue shortcake
0%
Moose shorty
0%
Elina shrimp
0%
Peggy shweetie
0%
Penny ska-WEAK
0%
Sterling skraaaaw
0%
Hopper slushie
0%
Tad sluuuurp
0%
Gayle snacky
0%
Truffles snoutie
0%
Phoebe sparky
0%
Sandy speedy
0%
Viche splatastic
0%
Biff squirt
0%
Gen sshaa
0%
Cece stay fresh
0%
Klaus strudel
0%
Coach stubble
0%
Cupcake sugar pie
0%
Marshal sulky
0%
Megan sundae
0%
Sydney sunshine
0%
Olive sweet pea
0%
Rasher swine
0%
Valise tadder
0%
Soleil tarnation
0%
Elmer tenderfoot
0%
Masa that should be
0%
Analogue therefore
0%
Clay thump
0%
Hopkins thumper
0%
Midge tweedledee
0%
Tutu twinkles
0%
Elvis unh-hunh
0%
Iggly waddler
0%
Tarou waon
0%
Dotty wee one
0%
Olaf whiffa
0%
Beardo whiskers
0%
Tiansheng wuwu
0%
Jacob ya feel
0%
Tammy ya heard
0%
Diva ya know
0%
Nate yawwwn
0%
Greta yelp
0%
Maddie yippee
0%
Pierre y'know
0%
Paula yodelay
0%
Marcy young 'un
0%
Renee yo yo yo
0%
Chops zoink
0%
Zoe zoozooroo
0%
Sprocket zort
0%
Shoukichi zun
0%
No matching quizzes found
Score Distribution
Percent of People with Each Score
Percentile by Number Answered
Your Score History
You have not taken this quiz